[Event "Barra de Sao Miguel op"]
[Site "Barra de Sao Miguel"]
[Date "2019.10.13"]
[Round "6"]
[White "De Souza, Gilberto Ferreira"]
[Black "Dos Santos, Cleberson Nasciment"]
[Result "0-1"]
[WhiteElo "2111"]
[BlackElo "1800"]
[PlyCount "49"]
[EventDate "2019.10.10"]
[EventType "swiss"]
[EventRounds "7"]
[EventCountry "BRA"]
[SourceTitle "CBM 192 Extra"]
[Source "Chessbase"]
[SourceDate "2019.11.06"]
[SourceVersion "1"]
[SourceVersionDate "2019.11.06"]
[SourceQuality "1"]

1. d4 Nf6 2. c4 e6 3. Nf3 g6 4. Nc3 Bg7 5. Bg5 h6 6. Bh4 0-0 7. e4 g5 8. Bg3 d6 9. Be2 b6 10. Qc2 Bb7 11. 0-0 Nbd7 12. Rad1 Rc8 13. e5 Nh5 14. exd6 Nxg3 15. fxg3 cxd6 16. Ne4 Nf6 17. Nxf6+ Bxf6 18. Qd2 Kg7 19. b3 Be4 20. Qe3 d5 21. Ne5 Bxe5 22. dxe5 Qc7 23. Bf3 Qxe5 24. cxd5 exd5 25. Rxd5 0-1

[Event "Barra de Sao Miguel op"]
[Site "Barra de Sao Miguel"]
[Date "2019.10.13"]
[Round "7"]
[White "Jeremias Mello, Christian"]
[Black "De Souza, Gilberto Ferreira"]
[Result "0-1"]
[WhiteElo "1800"]
[BlackElo "2111"]
[PlyCount "56"]
[EventDate "2019.10.10"]
[EventType "swiss"]
[EventRounds "7"]
[EventCountry "BRA"]
[SourceTitle "CBM 192 Extra"]
[Source "Chessbase"]
[SourceDate "2019.11.06"]
[SourceVersion "1"]
[SourceVersionDate "2019.11.06"]
[SourceQuality "1"]

1. d4 d5 2. c4 e5 3. e3 exd4 4. exd4 Nf6 5. h3 Bd6 6. Bg5 0-0 7. cxd5 h6 8. Bxf6 Qxf6 9. Nf3 Re8+ 10. Be2 Qe7 11. Nc3 Bb4 12. a3 Bxc3+ 13. bxc3 Bd7 14. c4 Bf5 15. Ra2 Nd7 16. 0-0 Qf6 17. Rd2 Re7 18. Re1 Rae8 19. Bd3 Rxe1+ 20. Nxe1 Bxd3 21. Rxd3 Nb6 22. c5 Nxd5 23. Rf3 Qe7 24. Nd3 c6 25. Rg3 Nc3 26. Qg4 Ne2+ 27. Kh2 Nxg3 28. Qxg3 f6 0-1

[Event "Arapiraca Lopez Memorial 1st"]
[Site "Arapiraca"]
[Date "2016.??.??"]
[Round "4"]
[White "De Lima, Alexsandro Barros"]
[Black "De Souza, Gilberto Ferreira"]
[Result "1/2-1/2"]
[WhiteElo "1956"]
[BlackElo "2128"]
[PlyCount "79"]
[EventDate "2016.07.16"]
[EventType "swiss"]
[EventRounds "6"]
[EventCountry "BRA"]
[SourceTitle "EXT 2017"]
[Source "ChessBase"]
[SourceDate "2016.10.25"]
[SourceVersion "1"]
[SourceVersionDate "2016.10.25"]
[SourceQuality "1"]

1. d4 d5 2. Nf3 Nf6 3. c4 c6 4. Nc3 e6 5. Bg5 Be7 6. e3 h6 7. Bh4 Nbd7 8. cxd5 Nxd5 9. Bxe7 Qxe7 10. e4 Nxc3 11. bxc3 0-0 12. e5 c5 13. Bd3 cxd4 14. cxd4 Qb4+ 15. Qd2 Qxd2+ 16. Kxd2 Nb6 17. Rhc1 Bd7 18. Be4 Nd5 19. Bxd5 exd5 20. Rc5 Be6 21. Rc7 b6 22. Ne1 Rfc8 23. Rac1 Kf8 24. Nd3 g5 25. Rxc8+ Rxc8 26. Rxc8+ Bxc8 27. Kc3 Ke7 28. Nb4 Bb7 29. Kd2 Ke6 30. g4 a5 31. Nc2 f5 32. exf6 Kxf6 33. Ne3 Bc6 34. f3 b5 35. Nf5 h5 36. h3 h4 37. Ne3 b4 38. Kc2 Ba4+ 39. Kb2 Ke6 40. a3 1/2-1/2

[Event "Arapiraca Lopez Memorial 1st"]
[Site "Arapiraca"]
[Date "2016.??.??"]
[Round "2"]
[White "De Oliveira, Sergio Aparecido"]
[Black "De Souza, Gilberto Ferreira"]
[Result "0-1"]
[WhiteElo "1829"]
[BlackElo "2128"]
[PlyCount "108"]
[EventDate "2016.07.16"]
[EventType "swiss"]
[EventRounds "6"]
[EventCountry "BRA"]
[SourceTitle "EXT 2017"]
[Source "ChessBase"]
[SourceDate "2016.10.25"]
[SourceVersion "1"]
[SourceVersionDate "2016.10.25"]
[SourceQuality "1"]

1. d4 d5 2. Nf3 Nf6 3. g3 c6 4. Bg2 g6 5. 0-0 Bg7 6. c3 0-0 7. Bg5 Nbd7 8. Qc1 Re8 9. Bh6 Bh8 10. Na3 e5 11. dxe5 Nxe5 12. Nc2 Neg4 13. Be3 Nxe3 14. Nxe3 Bg7 15. Qc2 Qb6 16. Rfd1 Rxe3 17. fxe3 Qxe3+ 18. Kh1 Ng4 19. Rf1 Nf2+ 20. Rxf2 Qxf2 21. Rf1 Qe3 22. Qb3 Qb6 23. Qa3 Bf8 24. Qa4 Qd8 25. Qf4 f5 26. Nd2 Bg7 27. Nb3 Qe7 28. e3 Bd7 29. h4 Re8 30. Re1 b6 31. Nd2 h6 32. Nf3 g5 33. hxg5 hxg5 34. Qxg5 Qxg5 35. Nxg5 Bh6 36. Nf3 Bxe3 37. Bh3 Kf7 38. Nh4 Kf6 39. Kg2 Re7 40. Kf3 Bc5 41. Rxe7 Bxe7 42. Ng2 Bd6 43. Ne3 Kg5 44. Ng2 c5 45. Nf4 d4 46. cxd4 cxd4 47. Nd3 Bc6+ 48. Kf2 Be4 49. Bf1 Kg4 50. Be2+ Kh3 51. Nf4+ Kh2 52. Bb5 a5 53. a4 Bc2 54. Ne2 d3 0-1

[Event "Arapiraca Lopez Memorial 1st"]
[Site "Arapiraca"]
[Date "2016.??.??"]
[Round "3"]
[White "De Souza, Gilberto Ferreira"]
[Black "Tenorio, Gilson Melo"]
[Result "1-0"]
[WhiteElo "2128"]
[BlackElo "1912"]
[PlyCount "79"]
[EventDate "2016.07.16"]
[EventType "swiss"]
[EventRounds "6"]
[EventCountry "BRA"]
[SourceTitle "EXT 2017"]
[Source "ChessBase"]
[SourceDate "2016.10.25"]
[SourceVersion "1"]
[SourceVersionDate "2016.10.25"]
[SourceQuality "1"]

1. d4 d6 2. c4 Nf6 3. Nf3 h6 4. e3 Bd7 5. Nc3 a6 6. Bd3 Nc6 7. a3 e5 8. d5 Na7 9. Qc2 Be7 10. h3 c6 11. dxc6 Nxc6 12. Nd5 0-0 13. Nxe7+ Qxe7 14. Be2 Rac8 15. 0-0 Be6 16. b3 b5 17. Bd2 bxc4 18. bxc4 Rfd8 19. Rfe1 d5 20. c5 e4 21. Nd4 Nb8 22. Rac1 Qd7 23. c6 Nxc6 24. Nxc6 Re8 25. Bxa6 Ra8 26. Bb5 Qb7 27. a4 Rec8 28. Qc5 Kh8 29. Qd4 Ne8 30. Bc3 f6 31. Ba1 Nd6 32. Qb2 Nc4 33. Bxc4 Qxb2 34. Bxb2 dxc4 35. Nd4 Bf7 36. Nb5 Rc6 37. Ra1 Rd8 38. Bd4 Kh7 39. a5 Rb8 40. Nc3 1-0

[Event "Maceio Alagoano op"]
[Site "Maceio"]
[Date "2015.12.07"]
[Round "5"]
[White "De Souza, Gilberto Ferreira"]
[Black "De Lima, Alexsandro Barros"]
[Result "1-0"]
[WhiteElo "2125"]
[BlackElo "1910"]
[PlyCount "89"]
[EventDate "2015.12.05"]
[EventType "swiss"]
[EventRounds "7"]
[EventCountry "BRA"]
[SourceTitle "CBM 170 Extra"]
[Source "ChessBase"]
[SourceDate "2016.02.25"]
[SourceVersion "1"]
[SourceVersionDate "2016.02.25"]
[SourceQuality "1"]

1. d4 Nf6 2. c4 g6 3. Nc3 d5 4. Bg5 Ne4 5. Bh4 Nxc3 6. bxc3 Bg7 7. e3 c6 8. cxd5 cxd5 9. Qb3 0-0 10. Nf3 Nc6 11. Be2 b6 12. 0-0 Bb7 13. Rfc1 Qd7 14. Bb5 Qe6 15. Qa3 Bf6 16. Bxf6 exf6 17. c4 dxc4 18. Bxc4 Qg4 19. h3 Qh5 20. Ba6 Bxa6 21. Rxc6 Bb7 22. Rxf6 Kg7 23. Rf4 h6 24. Qe7 Bxf3 25. Qf6+ Kg8 26. Rxf3 Qd5 27. Qf4 Kg7 28. Qf6+ Kg8 29. h4 Rae8 30. Qf4 Kg7 31. Qc7 Qa5 32. h5 Rc8 33. Rxf7+ Rxf7 34. Qxc8 Qxh5 35. Qc2 Qd5 36. Rc1 h5 37. Re1 Rd7 38. Qd2 a5 39. Rd1 Kf6 40. f3 Qg5 41. e4 Qxd2 42. Rxd2 h4 43. Kf2 g5 44. Ke3 Ke6 45. Rc2 1-0

[Event "Maceio Alagoano-ch 40th"]
[Site "Maceio"]
[Date "2014.08.24"]
[Round "4"]
[White "De Miranda, Yuri Patrice Rocha"]
[Black "De Souza, Gilberto Ferreira"]
[Result "1-0"]
[WhiteElo "1828"]
[BlackElo "2089"]
[PlyCount "143"]
[EventDate "2014.08.23"]
[EventType "swiss"]
[EventRounds "6"]
[EventCountry "BRA"]
[SourceTitle "EXT 2016"]
[Source "ChessBase"]
[SourceDate "2015.10.08"]
[SourceVersion "1"]
[SourceVersionDate "2015.10.08"]
[SourceQuality "1"]

1. e4 c5 2. c3 d5 3. exd5 Qxd5 4. Nf3 Bf5 5. d4 Bxb1 6. Qa4+ Nc6 7. Be3 Be4 8. Bc4 Qf5 9. Ne5 e6 10. f3 Nge7 11. fxe4 Qxe4 12. Kf2 Nf5 13. Rhe1 Bd6 14. Bg5 Ne3 15. Bxe3 Bxe5 16. dxe5 0-0 17. Bxc5 Qf4+ 18. Kg1 Rfd8 19. Bb5 Qg5 20. Bxc6 bxc6 21. Bd6 h5 22. Qxc6 Rac8 23. Qf3 f5 24. Qe3 Qg6 25. Rf1 Rc4 26. Rf3 Rdc8 27. h3 Qf7 28. Raf1 Kh7 29. Rf4 R4c6 30. Ra4 a6 31. Qe2 g5 32. Qe3 Qg6 33. Qa7+ Kh6 34. Qb7 h4 35. Rxa6 Rxa6 36. Qxa6 Rg8 37. Qd3 g4 38. c4 Qh5 39. c5 gxh3 40. Qxh3 Rg3 41. Qh2 Qg4 42. Kh1 h3 43. c6 Kg6 44. Rg1 Kf7 45. c7 hxg2+ 46. Rxg2 Qd1+ 47. Qg1 Qh5+ 48. Qh2 Qd1+ 49. Qg1 Qh5+ 50. Qh2 Rh3 51. Qxh3 Qxh3+ 52. Kg1 Qe3+ 53. Kh2 Qf4+ 54. Kg1 Qc1+ 55. Kh2 f4 56. b4 f3 57. Rf2 Qf4+ 58. Kh3 Qf5+ 59. Kg3 Kg6 60. c8Q Qg5+ 61. Kxf3 Qf5+ 62. Kg2 Qg4+ 63. Kh1 Qd1+ 64. Kh2 Qh5+ 65. Kg3 Qg5+ 66. Kf3 Qf5+ 67. Ke3 Qg5+ 68. Ke2 Qg4+ 69. Kd3 Qd1+ 70. Kc3 Qe1+ 71. Kb3 Qe3+ 72. Ka4 1-0

[Event "Natal Maceio"]
[Site "Natal"]
[Date "2013.11.26"]
[Round "10"]
[White "De Souza, Gilberto Ferreira"]
[Black "Mesquita, Jussier Cabral"]
[Result "1-0"]
[WhiteElo "2079"]
[BlackElo "1828"]
[PlyCount "141"]
[EventDate "2013.11.21"]
[EventType "tourn"]
[EventRounds "10"]
[EventCountry "BRA"]
[SourceTitle "EXT 2016"]
[Source "ChessBase"]
[SourceDate "2015.10.08"]
[SourceVersion "1"]
[SourceVersionDate "2015.10.08"]
[SourceQuality "1"]

1. d4 Nf6 2. c4 d5 3. Bf4 c6 4. e3 Be6 5. c5 Qa5+ 6. Qd2 Qxd2+ 7. Nxd2 Bf5 8. Ngf3 Nbd7 9. Nh4 Bg6 10. Nxg6 hxg6 11. Be2 Nh5 12. Be5 Nhf6 13. Bg3 Nh5 14. 0-0-0 e6 15. Kc2 Be7 16. Nf3 Nxg3 17. hxg3 0-0-0 18. Rh3 Rxh3 19. gxh3 Bf6 20. b4 a6 21. a4 Kc7 22. Kd3 e5 23. dxe5 Nxe5+ 24. Nxe5 Bxe5 25. h4 Bf6 26. Rh1 Rh8 27. Rb1 Be7 28. a5 Kb8 29. Bf3 Kc7 30. Bg2 Ra8 31. f4 Rh8 32. Rd1 Kc8 33. Ke2 Bf6 34. Rd3 Kc7 35. Kf3 Re8 36. Kf2 Re7 37. Rb3 Re8 38. Bf3 Rh8 39. Rb1 Kb8 40. Rh1 Kc7 41. Ke2 Kd7 42. e4 dxe4 43. Bxe4 Kc7 44. Ke3 Rd8 45. Rb1 Rd4 46. g4 Rd8 47. g5 Be7 48. Rh1 Rh8 49. Kf3 Bf8 50. Bc2 Be7 51. Re1 Kd8 52. Kg4 Re8 53. Bb3 Rf8 54. Rd1+ Kc7 55. Bc4 Bd8 56. Rh1 f5+ 57. Kg3 Kd7 58. Re1 Re8 59. Rxe8 Kxe8 60. Be6 Ke7 61. Bc8 Ke8 62. Bxb7 Kd7 63. Bxa6 Ke6 64. Bc4+ Ke7 65. a6 Bc7 66. Bg8 Bb8 67. Kf3 Kf8 68. Bh7 Kf7 69. h5 gxh5 70. Bxf5 Ke7 71. Kg3 1-0

[Event "Natal Maceio"]
[Site "Natal"]
[Date "2013.11.22"]
[Round "3"]
[White "Azevedo Junior, Jose Ferreira"]
[Black "De Souza, Gilberto Ferreira"]
[Result "1/2-1/2"]
[WhiteElo "2063"]
[BlackElo "2079"]
[PlyCount "125"]
[EventDate "2013.11.21"]
[EventType "tourn"]
[EventRounds "10"]
[EventCountry "BRA"]
[SourceTitle "EXT 2016"]
[Source "ChessBase"]
[SourceDate "2015.10.08"]
[SourceVersion "1"]
[SourceVersionDate "2015.10.08"]
[SourceQuality "1"]

1. d4 d5 2. Nf3 Bf5 3. Nh4 Bg4 4. h3 Bd7 5. Nc3 Nf6 6. Bf4 e6 7. Nf3 c5 8. e3 Qb6 9. dxc5 Bxc5 10. Rb1 0-0 11. Bd3 Bd6 12. 0-0 Bxf4 13. exf4 Nc6 14. Ne5 g6 15. Qf3 Rac8 16. Rfd1 Rc7 17. Re1 Nb4 18. a3 Rxc3 19. bxc3 Nxd3 20. Rxb6 Nxe1 21. Qd1 axb6 22. Qxe1 Ra8 23. Qb1 Rxa3 24. Qxb6 Bc6 25. Nxc6 bxc6 26. Qxc6 Ra1+ 27. Kh2 Ra2 28. f3 Rxc2 29. Qc5 Nh5 30. Qb6 Nf6 31. f5 gxf5 32. Qb3 Re2 33. Qb8+ Kg7 34. Qg3+ Kh8 35. Qh4 Ng8 36. c4 dxc4 37. Qxc4 Re5 38. h4 Rd5 39. Qc3+ e5 40. Qc8 Kg7 41. Qxf5 h6 42. f4 Ne7 43. Qg4+ Kf8 44. fxe5 Rxe5 45. Qf4 Re6 46. g4 Nd5 47. Qd2 Ne3 48. Qd8+ Re8 49. Qd6+ Kg8 50. Kg3 Re4 51. Kf3 Re6 52. Qc5 Nf1 53. Qd4 Ne3 54. h5 Nf1 55. Qd8+ Kg7 56. g5 hxg5 57. Qxg5+ Kh7 58. Qf5+ Kg7 59. Qg4+ Kh6 60. Qf4+ Kg7 61. Kg2 Ne3+ 62. Kg3 Kg8 63. Kf3 1/2-1/2

[Event "Pernambucano-ch"]
[Site "Recife"]
[Date "2012.12.26"]
[Round "6"]
[White "Araujo, Jose Roberto"]
[Black "De Souza, Gilberto Ferreira"]
[Result "1/2-1/2"]
[WhiteElo "2193"]
[BlackElo "2003"]
[PlyCount "203"]
[EventDate "2012.12.21"]
[EventType "tourn"]
[EventRounds "9"]
[EventCountry "BRA"]
[SourceTitle "EXT 2022"]
[Source "ChessBase"]
[SourceDate "2021.10.06"]
[SourceVersion "1"]
[SourceVersionDate "2021.10.06"]
[SourceQuality "1"]

1. d4 Nf6 2. c4 g6 3. Nc3 d5 4. Bf4 c6 5. e3 Bg7 6. Nf3 Bg4 7. cxd5 Nxd5 8. Nxd5 Qxd5 9. Be2 Qa5+ 10. Qd2 Qxd2+ 11. Nxd2 Bxe2 12. Kxe2 Nd7 13. Rac1 Nb6 14. Rhd1 0-0 15. Bg3 Rfd8 16. Ne4 Nd7 17. b3 f5 18. Ng5 Nf8 19. Nf3 Rd5 20. Rc4 Bf6 21. h4 h5 22. Be5 Nd7 23. Bxf6 exf6 24. g3 Kf7 25. Rdc1 Re8 26. a4 Re7 27. R4c2 Nb6 28. Rc5 Red7 29. Ne1 Rxc5 30. Rxc5 Ke6 31. Nd3 Kf7 32. a5 Nd5 33. a6 Ne7 34. Nb4 b6 35. Rc1 Rd6 36. Nd3 Nd5 37. f3 Re6 38. Nf4 Nxf4+ 39. gxf4 Rd6 40. b4 Ke6 41. Kd3 c5 42. b5 Rd5 43. Kc4 cxd4 44. exd4 Rd7 45. Re1+ Kd6 46. Re8 Rc7+ 47. Kb4 Kd5 48. Rd8+ Ke6 49. d5+ Ke7 50. Rg8 Kd6 51. Rd8+ Rd7 52. Rc8 Kxd5 53. Rc6 Rf7 54. Kc3 Rg7 55. Kd3 g5 56. Rxf6 gxf4 57. Rxf5+ Ke6 58. Rxh5 Rc7 59. Rg5 Kf6 60. Rd5 Ke6 61. Ke4 Rc4+ 62. Rd4 Rc5 63. Rb4 Rh5 64. Rc4 Kd6 65. Rc6+ Kd7 66. Rf6 Rxb5 67. Rf7+ Kc6 68. Rxa7 Rh5 69. Rf7 Rxh4 70. Rxf4 Rh7 71. Kd3 Kb5 72. Kc3 Kxa6 73. Kb3 Re7 74. Kb4 Re3 75. Rf8 Re1 76. f4 Re4+ 77. Kb3 Kb5 78. f5 Re3+ 79. Kb2 Kb4 80. Rd8 Re2+ 81. Kb1 Rf2 82. Rd4+ Kc3 83. Rd5 Kc4 84. Re5 b5 85. Re4+ Kc3 86. Re3+ Kb4 87. Rh3 Ka4 88. f6 b4 89. f7 Rxf7 90. Rg3 Rf1+ 91. Kb2 Rf2+ 92. Kb1 Rf8 93. Kb2 Rf2+ 94. Kb1 b3 95. Rg8 Rf4 96. Kb2 Rf2+ 97. Kb1 Rc2 98. Ra8+ Kb4 99. Rb8+ Kc3 100. Rc8+ Kd2 101. Rd8+ Ke1 102. Rb8 1/2-1/2

[Event "Pernambucano-ch"]
[Site "Recife"]
[Date "2012.12.26"]
[Round "1"]
[White "De Moura, Sergio Jovelino"]
[Black "De Souza, Gilberto Ferreira"]
[Result "1-0"]
[WhiteElo "2101"]
[BlackElo "2003"]
[PlyCount "73"]
[EventDate "2012.12.21"]
[EventType "tourn"]
[EventRounds "9"]
[EventCountry "BRA"]
[SourceTitle "EXT 2022"]
[Source "ChessBase"]
[SourceDate "2021.10.06"]
[SourceVersion "1"]
[SourceVersionDate "2021.10.06"]
[SourceQuality "1"]

1. e4 c5 2. f4 d6 3. Nf3 e6 4. Nc3 Nc6 5. g3 a6 6. a4 Nf6 7. Bg2 Qc7 8. 0-0 Be7 9. d3 0-0 10. h3 Rb8 11. g4 b5 12. g5 Nh5 13. Nh2 g6 14. Bf3 Ng7 15. Ng4 Nd4 16. Bg2 Kh8 17. Ne2 f5 18. gxf6 Bxf6 19. Nxf6 Rxf6 20. Ng3 Bd7 21. axb5 axb5 22. b3 Nc6 23. Be3 Rbf8 24. e5 R6f7 25. exd6 Qxd6 26. Ne4 Qc7 27. Bxc5 Rg8 28. Nd6 Rf5 29. Nxf5 gxf5 30. Qe2 Ne7 31. Bxe7 Bc6 32. Bf6 Qf7 33. Bd4 Bxg2 34. Kxg2 h6 35. Kh2 Kh7 36. Ra7 Qg6 37. Rg1 1-0

[Event "Pernambucano-ch"]
[Site "Recife"]
[Date "2012.12.26"]
[Round "9"]
[White "De Souza, Gilberto Ferreira"]
[Black "Soares, Alberto M Colares"]
[Result "0-1"]
[WhiteElo "2003"]
[BlackElo "2194"]
[PlyCount "118"]
[EventDate "2012.12.21"]
[EventType "tourn"]
[EventRounds "9"]
[EventCountry "BRA"]
[SourceTitle "EXT 2022"]
[Source "ChessBase"]
[SourceDate "2021.10.06"]
[SourceVersion "1"]
[SourceVersionDate "2021.10.06"]
[SourceQuality "1"]

1. d4 g6 2. c4 Bg7 3. Nc3 d6 4. Nf3 Bg4 5. h3 Bxf3 6. exf3 Nd7 7. Be2 e5 8. d5 Ne7 9. 0-0 0-0 10. Be3 a6 11. Rc1 Nf5 12. Bd3 Nxe3 13. fxe3 f5 14. e4 Bh6 15. Rc2 Be3+ 16. Kh1 f4 17. Qe1 Qg5 18. Nd1 Bd4 19. Nf2 Nf6 20. Ng4 Nh5 21. Qb4 Ng3+ 22. Kh2 Nxf1+ 23. Bxf1 h5 24. Nf2 Qg3+ 25. Kg1 b6 26. Qe1 g5 27. Kh1 g4 28. Nd3 gxh3 29. Qxg3+ fxg3 30. Ne1 hxg2+ 31. Kxg2 h4 32. Be2 Kg7 33. Kh3 Kf6 34. Ng2 Kg5 35. a3 a5 36. a4 Rf6 37. b3 Raf8 38. Rc1 Rxf3 39. Bxf3 Rxf3 40. Rb1 Rf2 41. Rd1 Rxg2 42. Kxg2 Kg4 43. Rh1 Be3 44. Rb1 Bf4 45. Rh1 Bg5 46. Rh3 Kf4 47. Rh1 Kxe4 48. Rf1 Bf4 49. Rh1 Bg5 50. Rf1 Kd3 51. Rf5 Bd2 52. Rf3+ Be3 53. Rf7 e4 54. Rxc7 Bc5 55. Re7 e3 56. Kf3 Kd2 57. Re4 g2 58. Rg4 h3 59. Rg3 e2 0-1

[Event "Pernambucano-ch"]
[Site "Recife"]
[Date "2012.12.26"]
[Round "3"]
[White "Miranda, Roberto Calheiros J"]
[Black "De Souza, Gilberto Ferreira"]
[Result "0-1"]
[WhiteElo "2188"]
[BlackElo "2003"]
[PlyCount "144"]
[EventDate "2012.12.21"]
[EventType "tourn"]
[EventRounds "9"]
[EventCountry "BRA"]
[SourceTitle "EXT 2022"]
[Source "ChessBase"]
[SourceDate "2021.10.06"]
[SourceVersion "1"]
[SourceVersionDate "2021.10.06"]
[SourceQuality "1"]

1. e4 e5 2. Nf3 Nc6 3. Bb5 a6 4. Ba4 d6 5. h3 b5 6. Bb3 Be6 7. d4 exd4 8. Bxe6 fxe6 9. Nxd4 Nxd4 10. Qxd4 Qf6 11. Qd3 Be7 12. 0-0 Nh6 13. a4 b4 14. Qc4 c5 15. c3 a5 16. Qb5+ Kf7 17. cxb4 axb4 18. Qc4 Rhd8 19. Rd1 Kg8 20. a5 Nf7 21. f4 Kh8 22. a6 Ra7 23. Rd3 Rda8 24. Nd2 Nd8 25. Nf3 Qf7 26. Ra2 h6 27. Rd1 Qe8 28. Be3 Qc6 29. Rda1 d5 30. Qe2 Nf7 31. exd5 exd5 32. Bf2 Bd8 33. Qc2 Bb6 34. Nd4 Qd7 35. Nb3 Rc8 36. Nd2 Qb5 37. Qf5 Rd8 38. b3 Qc6 39. Kh1 Nd6 40. Qg6 Qe8 41. Qd3 c4 42. Qf3 Bxf2 43. Qxf2 Rda8 44. Qc5 Ne4 45. Qxd5 Nc3 46. Qxc4 Nxa2 47. Rxa2 Qc8 48. Qxb4 Rxa6 49. Rxa6 Rxa6 50. Nf3 Qf5 51. Qc4 Rf6 52. Ne5 Kh7 53. Nd3 Rd6 54. Nc5 g5 55. Ne4 Re6 56. Ng3 Re1+ 57. Kh2 Qxf4 58. Qd3+ Kg7 59. Qc3+ Qe5 60. Qf3 Rc1 61. Qb7+ Qc7 62. Qxc7+ Rxc7 63. Nf5+ Kg6 64. Nd4 Rb7 65. Kg1 Rb4 66. Nf3 Rxb3 67. Kf2 Ra3 68. g4 Kf6 69. Kg2 Ke6 70. Kf2 Kd5 71. h4 Ke4 72. Nd2+ Kf4 0-1

[Event "Natal Potiguar op"]
[Site "Natal"]
[Date "2012.06.07"]
[Round "2"]
[White "Dantas, David Luan de Barro"]
[Black "De Souza, Gilberto Ferreira"]
[Result "0-1"]
[WhiteElo "1854"]
[BlackElo "1800"]
[PlyCount "96"]
[EventDate "2012.06.07"]
[EventType "swiss"]
[EventRounds "7"]
[EventCountry "BRA"]
[SourceTitle "CBM 148 Extra"]
[Source "ChessBase"]
[SourceDate "2012.06.22"]
[SourceVersion "1"]
[SourceVersionDate "2012.06.22"]
[SourceQuality "1"]

1. Nf3 Nc6 2. g3 Nf6 3. Bg2 g6 4. 0-0 Bg7 5. c4 d5 6. d3 dxc4 7. dxc4 0-0 8. Nc3 a6 9. Qc2 Nd4 10. Nxd4 Qxd4 11. Nd5 Nxd5 12. cxd5 Qb6 13. Rb1 Bd7 14. Bd2 Rac8 15. Bc3 Qc5 16. Rfc1 Bxc3 17. Qxc3 Qd6 18. Qb3 b5 19. Rc2 c5 20. dxc6 Bxc6 21. Rbc1 Bd7 22. Bb7 Rxc2 23. Qxc2 Bh3 24. Rd1 Qe6 25. Bd5 Qe5 26. Bb7 Qf6 27. Bg2 Rc8 28. Qd2 Bxg2 29. Kxg2 Qc6+ 30. f3 Qc2 31. h4 Qf5 32. Rc1 Rxc1 33. Qxc1 Qe6 34. Qd2 Qxa2 35. h5 gxh5 36. Qd8+ Kg7 37. Qxe7 Qe6 38. Qxe6 fxe6 39. Kf2 a5 40. Ke3 a4 41. Kd4 b4 42. Kc4 a3 43. bxa3 bxa3 44. Kb3 Kf6 45. Kxa3 Kg5 46. Kb4 h4 47. gxh4+ Kxh4 48. Kc5 Kg3 0-1